Государственные и муниципальные финансы. Ответы на экзаменационные вопросы: учебное пособие для вузов

Podrobná bibliografie
Hlavní autor: Ермасова Н. Б. Наталья Борисовна
Shrnutí:Исключено из фонда НТБ ТПУ
Jazyk:ruština
Vydáno: Москва, Экзамен, 2007
Edice:Вопрос - ответ
Студенту на экзамен
Médium: MixedMaterials Kniha
KOHA link:https://koha.lib.tpu.ru/cgi-bin/koha/opac-detail.pl?biblionumber=150946

MARC

LEADER 00000nam0a2200000 4500
001 150946
005 20231031150333.0
010 |a 5472025672 
035 |a (RuTPU)RU\TPU\book\163671 
090 |a 150946 
100 |a 20090116d2007 m y0rusy50 ca 
101 0 |a rus 
102 |a RU 
105 |a y j 001zy 
200 1 |a Государственные и муниципальные финансы. Ответы на экзаменационные вопросы  |e учебное пособие для вузов  |f Н. Б. Ермасова 
210 |a Москва  |c Экзамен  |d 2007 
215 |a 190 с. 
225 1 |a Вопрос - ответ 
225 1 |a Студенту на экзамен 
333 |a Исключено из фонда НТБ ТПУ 
700 1 |a Ермасова  |b Н. Б.  |g Наталья Борисовна 
801 1 |a RU  |b 63413507  |c 20090116  |g PSBO 
801 2 |a RU  |b 63413507  |c 20210421  |g PSBO 
942 |c BK